000 00899nam a22001817a 4500
005 20260124092621.0
008 230712b ||||| |||| 00| 0 eng d
040 _cSSBUL
_dSSBUL
082 _223
_a၉၅၉.၁ ပြည် ၁၆၀၇၀ (S-SAT)
245 _aပြည်တွင်းညီညွတ်ရေးအကြံပေးအဖွဲ့၏ အစီရင်ခံစာ /
260 _a[ရန်ကုန်] ၊
_b[ထုတ်ဝေသူမပါ] ၊
_c[၁၉၆၉]။
300 _a၈၄ စာမျက်နှာ၊
_bဓာတ်ပုံများ၊
_c၂၄ စင်တီ။
500 _aS-SAT: Dr. Prof Sai Aung Tun
650 _aတော်လှန်ရေးကောင်စီ။
_927830
650 _aအစီရင်ခံစာ။
_927831
651 _aမြန်မာနိုင်ငံ
_xသမိုင်း။
_96190
942 _2ddc
_cBK1
999 _c27084
_d27084